00580nam a2200229Ia 4500008004000000041000800040082001100048100002300059245009300082260003400175300001500209650001300224650001300237650000800250650001100258650001900269650001100288650000700299650001500306650001500321650001400336210210b1954 xxu||||| |||| 00| 0 eng d aeng a320/60 aBLAU (Joseph L) Ed aSocial theories of Jacksonian democracy: representative writings of the period 1825-1850 aNew YorkbNot Mentionedc1954 axxviii,383 awritings atheories athe aSocial arepresentative aperiod aof aJacksonian ademocracy: a1825-1850